Oración funevre de Luis XV el amado (Record no. 8473)

MARC details
000 -CABECERA
campo de control de longitud fija 01084nam a2200229 a 4500
001 - NÚMERO DE CONTROL
campo de control BRCA_8822
005 - FECHA Y HORA DE LA ÚLTIMA TRANSACCIÓN
campo de control 20190320210426.0
008 - DATOS DE LONGITUD FIJA--INFORMACIÓN GENERAL
campo de control de longitud fija 260417c1778----ag-#######---#000-0#----#
041 ## - CÓDIGO DE LENGUA
Código de lengua del texto/banda sonora o título independiente spa
044 ## - CÓDIGO DEL PAÍS DE LA ENTIDAD EDITORA/PRODUCTORA
Código MARC del país sp
084 ## - OTRO NÚMERO DE CLASIFICACIÓN
Número de clasificación BE203
Número de documento/Ítem .J83 1778
100 1# - ENTRADA PRINCIPAL--NOMBRE DE PERSONA
Nombre de persona Juan Bautista Carlos María de Beauvais
9 (RLIN) 21987
245 10 - MENCIÓN DE TÍTULO
Título Oración funevre de Luis XV el amado
Resto del título rey de Francia, y de Navarra, pronunciada en la Iglesia de la Abadía Real de San Dionisio, el día 27 Julio de 1774
Mención de responsabilidad, etc. por el Ilmo. Señor D. Juan Bautista Carlos María de Beauvais, Obispo de Senes; y traducida del francés por el Mtro. Lucas Campoo y Otazu...
260 ## - PUBLICACIÓN, DISTRIBUCIÓN, ETC.
Lugar de publicación, distribución, etc. Madrid
Nombre del editor, distribuidor, etc. Por Blas Román
Fecha de publicación, distribución, etc. 1778
300 ## - DESCRIPCIÓN FÍSICA
Extensión 330 p.
Dimensiones 15.4 x 10.5 cm.
500 ## - NOTA GENERAL
Nota general Con las licencias necesarias
500 ## - NOTA GENERAL
Nota general En portada: Con un discurso preliminar sobre la predicación Francesa, que para instrucción de la juventud escribe el traductor
500 ## - NOTA GENERAL
Nota general Estado físico: presenta encuadernación en pergamino con algunos cuadernillos desprendidos
700 1# - PUNTO DE ACCESO ADICIONAL--NOMBRE DE PERSONA
Nombre de persona Campoo y Otazu, Lucas
Término indicativo de función/relación tr.
9 (RLIN) 21988
902 ## - CATALOGADOR
Iniciales CFM
942 ## - ELEMENTOS DE PUNTO DE ACCESO ADICIONAL (KOHA)
Fuente del sistema de clasificación o colocación Library of Congress Classification
Tipo de ítem Koha Libros
Holdings
Estado de retiro Estado de pérdida Estado dañado No para préstamo Localización permanente Ubicación/localización actual Fecha de adquisición Total de préstamos Signatura topográfica completa Código de barras Fecha visto por última vez Precio válido a partir de Tipo de ítem Koha
El ejemplar forma parte de la colección y puede ser consultado según las políticas vigentes.       Biblioteca del Museo Franz Mayer (Rogerio Casas-Alatriste) Biblioteca del Museo Franz Mayer (Rogerio Casas-Alatriste) 26/04/2017   BE203 .J83 1778 CFM00149 22/03/2019 22/03/2019 Libros